Giant among nations ; problems in United States foreign economic policy /

Bibliographic Details
Main Author: Kenen, Peter B., 1932-2012
Format: Book
Language:English
Published: New York : Harcourt, Brace, [1960]
Edition:[1st ed.].
Subjects:

MARC

Tag First Indicator Second Indicator Subfields
LEADER 00000cam a2200000 4500
001 in00000064092
005 20151008051159.0
008 721204s1960 nyu 00000 eng u
010 |a  60009395  
035 |a (OCoLC)00505978 
035 |9 AAG6258AM 
040 |c CSU  |d TXA  |d UtOrBLW 
049 |a TXAM  |c [327593] 
050 0 |a HF1455  |b .K45 
082 0 |a 338.9173 
092 |a 338.91  |b K33g 
100 1 |a Kenen, Peter B.,  |d 1932-2012. 
245 1 0 |a Giant among nations ;  |b problems in United States foreign economic policy /  |c Introd. by Chester Bowles. 
250 |a [1st ed.]. 
264 1 |a New York :  |b Harcourt, Brace,  |c [1960] 
300 |a 232 pages ;  |c 21 cm. 
336 |a text  |b txt  |2 rdacontent 
337 |a unmediated  |b n  |2 rdamedia 
338 |a volume  |b nc  |2 rdacarrier 
650 0 |a Economic assistance, American. 
651 0 |a United States  |x Foreign economic relations. 
999 |a MARS 
999 f f |s 8e1b0a21-f097-3039-aad1-4e0853c1b3e1  |i de11cbf2-566e-3049-8f99-8a8b8cb5e49d  |t 0 
952 f f |p ric  |a Texas A&M University  |b Rellis Campus  |c Joint Library Facility  |d Remote Storage  |t 0  |e HF1455 .K45  |h Library of Congress classification  |i unmediated -- volume  |m A14800772785 
998 f f |a HF1455 .K45  |t 0  |l Remote Storage